000 00836nam a2200229 a 4500
001 000019943
005 20200929170212.0
008 100709s1969 ve r 000 p spa d
040 _aDO-SdBNP
_bspa
_cBNPHU
082 _aV861.4
_bE742a
100 1 _aEscalona-Escalona, J. A.
_942526
245 1 0 _aAntología de mis poemas /
_cJ. A. Escalona-Escalona ; prólogo Edoardo Crema.
260 _aCaracas :
_binstituto Nacional de Cultura y Bellas Artes,
_c1969.
300 _a182 p. ;
_c17 cm.
490 1 _aBiblioteca popular venezolana ;
_vno. 117
500 _aIncluye referencias bibliográficas y notas al pie de las páginas.
650 4 _aPoesía venezolana
_94230
650 4 _aLiteratura venezolana
_93816
700 1 _aCrema, Edoardo,
_e1969
_942527
830 0 _aBiblioteca popular venezolana ;
_nno.117
_942528
049 _aBNGR
999 _c19456
_d19456